000 00625nam a2200193Ia 4500
001 19770
003 GE_BSU
008 181216s||||||||xx |||||||||||||| ||und||
040 _cGE_BSU
245 _aАгротехника и технологии. 1(59) Январь-Февраль 2017
245 _cГл. ред. Мария Лушникова
260 _aМосква
260 _c2017
300 _a58стр. 27см илл.
653 _aАгротехника и технологии. 1(59) Январь-Февраль 2017
653 _aПериодика
653 _aპერიოდიკა
942 _cCR
999 _c52744
_d52744